[Event "SRI-chB (Women)"]
[Site "Colombo"]
[Date "2014.02.28"]
[Round "6"]
[White "Jayathilake, Navoda"]
[Black "De Silva, Shelani"]
[Result "1/2-1/2"]
[WhiteElo "1594"]
[BlackElo "1610"]
[PlyCount "38"]
[EventDate "2014.02.26"]
[EventType "swiss"]
[EventRounds "10"]
[EventCountry "SRI"]
[SourceTitle "CBM 159 Extra"]
[Source "ChessBase"]
[SourceDate "2014.04.24"]
[SourceVersion "1"]
[SourceVersionDate "2014.04.24"]
[SourceQuality "1"]

1. e4 c5 2. Nf3 d6 3. h3 a6 4. Nc3 Nf6 5. Bc4 e6 6. Be2 Be7 7. d3 Nbd7 8. 0-0 0-0 9. Nh2 b5 10. f4 Bb7 11. Qe1 Re8 12. Qg3 b4 13. Nd1 Qc7 14. f5 exf5 15. Rxf5 Bf8 16. Ng4 Nxg4 17. Bxg4 Ne5 18. Nf2 g6 19. Be2 Kh8 1/2-1/2

[Event "SRI-chB (Women)"]
[Site "Colombo"]
[Date "2014.02.26"]
[Round "2"]
[White "Jayathilake, Navoda"]
[Black "Ranasinghe, Shalini"]
[Result "1/2-1/2"]
[WhiteElo "1594"]
[BlackElo "1397"]
[PlyCount "69"]
[EventDate "2014.02.26"]
[EventType "swiss"]
[EventRounds "10"]
[EventCountry "SRI"]
[SourceTitle "CBM 159 Extra"]
[Source "ChessBase"]
[SourceDate "2014.04.24"]
[SourceVersion "1"]
[SourceVersionDate "2014.04.24"]
[SourceQuality "1"]

1. e4 e6 2. d4 d5 3. exd5 exd5 4. Nf3 Nf6 5. h3 Bf5 6. Bd3 Bg6 7. 0-0 Be7 8. Nc3 0-0 9. Re1 Nbd7 10. Bf4 c6 11. Ne2 Ne4 12. Ng3 f5 13. Ne5 Bh4 14. Bxe4 fxe4 15. Qg4 Be8 16. Nf5 g5 17. Nh6+ Kh8 18. Nhf7+ Bxf7 19. Qxd7 gxf4 20. Nxf7+ Rxf7 21. Qxf7 Qg5 22. Qe6 Bxf2+ 23. Kxf2 Qg3+ 24. Kf1 Rg8 25. Qe5+ Rg7 26. Ke2 Qxg2+ 27. Kd1 e3 28. Re2 Qf1+ 29. Re1 Qf2 30. Re2 Qf1+ 31. Re1 Qg2 32. Re2 Qh1+ 33. Re1 Qg2 34. Re2 Qf1+ 35. Re1 1/2-1/2

[Event "Wch U18 Girls"]
[Site "Vung Tau"]
[Date "2008.10.23"]
[Round "5"]
[White "Perera, Anjana"]
[Black "Jayathilake, Navoda"]
[Result "1/2-1/2"]
[WhiteElo "1828"]
[BlackElo "1655"]
[PlyCount "86"]
[EventDate "2008.10.20"]
[EventType "swiss"]
[EventRounds "11"]
[EventCountry "VIE"]
[SourceTitle "EXT 2009"]
[Source "ChessBase"]
[SourceDate "2008.11.26"]
[SourceVersion "1"]
[SourceVersionDate "2008.11.26"]
[SourceQuality "1"]

1. e4 e5 2. Nf3 Nc6 3. d4 exd4 4. Nxd4 Bc5 5. Be3 Qf6 6. c3 Bb6 7. Nf5 Nge7 8. Bxb6 axb6 9. Nxe7 Qxe7 10. Bd3 d6 11. 0-0 0-0 12. Re1 Qg5 13. Qd2 Qxd2 14. Nxd2 Ne5 15. Bc2 Be6 16. b3 b5 17. f4 Nc6 18. Bd3 b4 19. c4 Nd4 20. Kf2 f5 21. Nf3 Nxf3 22. Kxf3 Ra5 23. exf5 Bxf5 24. Bxf5 Raxf5 25. g3 b5 26. Re7 bxc4 27. Rxc7 Rc5 28. Rxc5 dxc5 29. Rc1 Rd8 30. Ke3 Rd5 31. g4 Kf7 32. h4 cxb3 33. axb3 h6 34. Ra1 Kf6 35. Ra6+ Kf7 36. Ra7+ Kf6 37. Ra6+ Kf7 38. Rc6 Ke7 39. Ke4 Rd4+ 40. Ke3 Rd5 41. f5 Kf7 42. Rc7+ Kf6 43. Rc6+ Kf7 1/2-1/2

[Event "Wch U18 Girls"]
[Site "Vung Tau"]
[Date "2008.10.22"]
[Round "4"]
[White "Jayathilake, Navoda"]
[Black "Karunanayake, Mauri"]
[Result "1/2-1/2"]
[WhiteElo "1655"]
[BlackElo "1707"]
[PlyCount "43"]
[EventDate "2008.10.20"]
[EventType "swiss"]
[EventRounds "11"]
[EventCountry "VIE"]
[SourceTitle "EXT 2009"]
[Source "ChessBase"]
[SourceDate "2008.11.26"]
[SourceVersion "1"]
[SourceVersionDate "2008.11.26"]
[SourceQuality "1"]

1. e4 c5 2. Nc3 Nc6 3. f4 e6 4. Nf3 d6 5. Bb5 Nge7 6. 0-0 a6 7. Bxc6+ Nxc6 8. Ne2 Be7 9. c3 Qc7 10. d4 cxd4 11. Nexd4 Qb6 12. Kh1 0-0 13. Qe1 f6 14. Qg3 e5 15. fxe5 fxe5 16. Nxc6 Qxc6 17. Bh6 Bf6 18. Nd4 Qc7 19. Nf5 Rf7 20. Rad1 Bxf5 21. Rxf5 Kh8 22. Bg5 1/2-1/2

[Event "Wch U18 Girls"]
[Site "Vung Tau"]
[Date "2008.10.21"]
[Round "2"]
[White "Jayathilake, Navoda"]
[Black "Saric, Zrinka"]
[Result "0-1"]
[WhiteElo "1655"]
[BlackElo "2003"]
[PlyCount "40"]
[EventDate "2008.10.20"]
[EventType "swiss"]
[EventRounds "11"]
[EventCountry "VIE"]
[SourceTitle "EXT 2009"]
[Source "ChessBase"]
[SourceDate "2008.11.26"]
[SourceVersion "1"]
[SourceVersionDate "2008.11.26"]
[SourceQuality "1"]

1. e4 c5 2. Nc3 Nc6 3. f4 e6 4. Bb5 Nge7 5. Nf3 d6 6. Bxc6+ Nxc6 7. 0-0 Be7 8. d3 0-0 9. b3 Bf6 10. Bb2 b5 11. Qe1 Rb8 12. e5 dxe5 13. fxe5 Nxe5 14. Nxe5 Qd4+ 15. Kh1 Qxe5 16. Qf2 Qh5 17. Rae1 Be5 18. h3 Bb7 19. Qxc5 Qxh3+ 20. Kg1 Qxg2# 0-1

[Event "Wch U18 Girls"]
[Site "Vung Tau"]
[Date "2008.10.20"]
[Round "1"]
[White "Pham, Duc Tri1111"]
[Black "Jayathilake, Navoda"]
[Result "1-0"]
[WhiteElo "2090"]
[BlackElo "1655"]
[PlyCount "85"]
[EventDate "2008.10.20"]
[EventType "swiss"]
[EventRounds "11"]
[EventCountry "VIE"]
[SourceTitle "EXT 2009"]
[Source "ChessBase"]
[SourceDate "2008.11.26"]
[SourceVersion "1"]
[SourceVersionDate "2008.11.26"]
[SourceQuality "1"]

1. c4 c5 2. g3 g6 3. Bg2 Bg7 4. Nc3 Nc6 5. e4 e5 6. Nge2 d6 7. d3 Bg4 8. f3 Be6 9. 0-0 Nge7 10. Be3 Qd7 11. Nd5 0-0 12. Qd2 Nd4 13. Rae1 f6 14. f4 Nxd5 15. cxd5 Nxe2+ 16. Rxe2 Bg4 17. Ref2 Rac8 18. f5 gxf5 19. exf5 Bh5 20. h3 Kh8 21. Be4 Rg8 22. g4 Bf7 23. Kh2 b6 24. Qe2 Qb7 25. Qf3 Be8 26. g5 Qe7 27. g6 Bf8 28. Rg1 Rc7 29. Rg4 Qd8 30. Rh4 Rgg7 31. Qg4 Bb5 32. Rg2 c4 33. dxc4 Bxc4 34. b3 Bf1 35. Rg1 Ba6 36. Qh5 Qe8 37. Bh6 Rge7 38. g7+ Bxg7 39. Bg5 h6 40. Bxh6 Bxh6 41. Qxh6+ Rh7 42. Qxf6+ Rcg7 43. Qxg7# 1-0